000 00645nam a2200229Ia 4500
003 OSt
005 20221006165110.0
006 a|||||r|||| 00| 0
007 ta
008 221006b |||||||| |||| 00| 0 eng d
024 _a1,232
037 _cTextual
040 _aFML
_cFML
_beng
041 _2eng
_aeng
082 _aO15:g(Q1:31), 111L8
100 _aKhan Mohammad Israil Au.
_9679090
245 0 _aSaraswati in Sanskrit Litrature
260 _aIndia
_bCrescent Publishing House
_c1978
300 _a238
_ccm.
942 _hO15:g(Q1:31), 111L8
_cTEXL
_2CC
999 _c1119581
_d1119581